International Migration Assumptions in the Czech Statistical Office’s Population Projection for the Czech Republic 2018-2100

Prognózy medzinárodnej migrácie pre Českú republiku spracované Českým štatistickým úradom v roku 2018. Objem migrantov, štruktúra podľa pohlavia a veku (2019, 2050-2100).

Gespeichert in:
Bibliographische Detailangaben
1. Verfasser: Němečková, Michaela
Format: Buchkapitel
Sprache:Englisch
Schlagworte:
Tags: Tag hinzufügen
Keine Tags, Fügen Sie das erste Tag hinzu!

MARC

LEADER 00000naa a2200000 4500
001 0262661
005 20200226102318.5
041 0 |a eng 
044 |a CZ 
245 1 0 |a International Migration Assumptions in the Czech Statistical Office’s Population Projection for the Czech Republic 2018-2100  |c Michaela Němečková 
520 |a Prognózy medzinárodnej migrácie pre Českú republiku spracované Českým štatistickým úradom v roku 2018. Objem migrantov, štruktúra podľa pohlavia a veku (2019, 2050-2100). 
610 2 0 |a migrácia 
610 2 0 |a imigrácia 
610 2 0 |a emigrácia 
610 2 0 |a vek 
610 2 0 |a muži 
610 2 0 |a ženy 
610 2 0 |a prognózy demografické 
610 2 0 |a štatistika 
610 2 0 |a Česko 
100 1 |a Němečková, Michaela